00615 a2200181 45000010006000000050017000060080041000230030015000640400040000790800104001192450040002232640051002633000019003145050042003331000026003756500015004016500017004162713820260407155548.0260407a1973 arg spa dAR-UNSa-BCEJYS aAR-UNSa-BCEJYSbspacAR-UNSa-BCEJYS a347.736xQuiebra. Insolvencia. Suspensión de pagos. Bancarrota, procedimientos. Derecho Concursal10aConcursos y sindicaturapLey 193551 1aBuenos Aires :bVíctor P. de Zavalíac1973 a349 p.c23 cm. a1. Los concursos - 2. La sindicatura.1 aTarantino, Jacinto R. aLey 19.551 a ley 19 551